000 00967nam0a22002771 4500
001 rc\32975
005 20250620153501.0
010 _a5-7534-0524-X
_95000
035 _a(NLR Aleph) 005317592
090 _a6453118
_c6453118
100 _a20021216d1993 |||y0rusy50 ca
101 0 _arus
102 _aRU
105 _aa |||||||||
200 1 _aИстория Чиколы
_e[К 140-летию села Ирафского р-на
_fМалиев Н.Д., Тамаев А.Т., Цориев Р.И. и др.]
210 _aВладикавказ
_cИр
_d1993
215 _a246, [1] с.
_cил.
_d22
300 _aАвт. указаны на обороте тит. л.
300 _aЧасть текста: осет.
320 _aБиблиогр. в примеч. в конце глав
701 1 _aМалиев
_bН.Д.
_gНох Дачкаевич
801 0 _aRU
_bNLR
_gpsbo
801 1 _aRU
_bELAR
_2rusmarc
852 _aNLR
_j93-5/1941
942 _cBOOK
980 _aNB